000 01660cam a2200337 i 4500
001 768714001
003 CO-MdFUSB
005 20220629122414.0
007 ta
008 900910t19911991scu s001 0 eng
020 _a0872497321
040 _aDLC
_cCO-MdFUSB
_dCAP
_dUtOrBLW
_bspa
_erda
041 _aeng
082 _223
_a296.14
_bN496
100 _aNeusner, Jacob.
_eautor
245 1 0 _aConfronting creation :
_bhow Judaism reads Genesis : an anthology of Genesis rabbah /
_cJacob Neusner.
264 1 _aColumbia, SC :
_bUniversity of South Carolina Press,
_c[1991]
264 4 _c©1991.
300 _axii, 385 pages ;
_c24 cm.
336 _atexto
_btxt
_2rdacontent.
337 _asin mediación
_bn
_2rdamedia.
338 _avolumen
_bnc
_2rdacarrier.
505 _aPrólogo: Estudiar la Torá con los sabios como nuestros maestros -- Bereshit: Génesis Rabbah Parashiyyot I-XXIX -- Noé: Génesis Rabbah Parashiyyot XXX-XXXVIII -- Lekh Lekha: Génesis Rabbah Parashiyyot XLVIII-LVII -- Hayye Sarah: Génesis Rabbah Parashiyyot LVIII-LXII -- Toledot: Génesis Rabbah Parashiyyot LXIII-LXVII. 7. Vayese: Génesis Rabbah Parashiyyot LXVIII-LXXIV -- Vayyishlah: Génesis Rabbah Parashiyyot LXXV-LXXXIII -- Vayesheb: Génesis Rabbah Parashiyyot LXXXIV-LXXXVIII -- Miqqes: Génesis Rabbah Parashiyyot LXXXIX-XCII -- Vayyigash: Génesis Rabbah Parashiyyot XCIII-XCV -- Vayehi: Génesis Rabbah Parashiyyot XCVI-C.
563 _aPasta dura
630 0 7 _aBiblia.
_pGénesis
_xCrítica, interpretación, etc.
650 0 _9692
_aLey judía
700 1 _aNeusner, Jacob,
_d1932-
_eautor
942 _cBK
945 _aJTF-925
999 _c67655
_d67655